[Event "VII MIEDZYNARODOWY TURNIEJ SZACHOWY - GORA SW. ANNY - Open "A""]
[Site "Gora Sw. Anny"]
[Date "1899-12-30"]
[Round "10.4"]
[White "Rozycki, Bartlomiej"]
[Black "Eggink, Ryszard"]
[Result "0-1"]
[WhiteTitle "I++"]
[BlackTitle "I++"]
[WhiteElo "2097"]
[BlackElo "2198"]

1. Nf3 Nf6 2. d4 c5 3. d5 e6 4. c4 exd5 5. cxd5 d6 6. Nc3 g6 7. e4 Bg7 8. Be2 O-O
9. O-O Re8 10. Nd2 a6 11. a4 Nbd7 12. f4 Rb8 13. a5 b5 14. axb6 Nxb6 15. Qc2 Nfxd5
16. exd5 Bxc3 17. bxc3 Rxe2 18. Qd3 Qe7 19. Nf3 Bf5 20. Qxa6 Ra8 21. Qxa8+ Nxa8
22. Rxa8+ Kg7 23. c4 Qb7 24. Rd8 Be4 0-1

[Event "VII MIEDZYNARODOWY TURNIEJ SZACHOWY - GORA SW. ANNY - Open "A""]
[Site "Gora Sw. Anny"]
[Date "1899-12-30"]
[Round "10.5"]
[White "Nurkiewicz, Maciej"]
[Black "Eggink, Mateusz"]
[Result "1-0"]
[WhiteTitle "m"]
[BlackTitle "I"]
[WhiteElo "2390"]
[BlackElo "2075"]

1. d4 d5 2. c4 e6 3. Nc3 Nf6 4. cxd5 exd5 5. Bg5 Be7 6. e3 h6 7. Bh4 O-O 8. Bd3
b6 9. Nge2 Bb7 10. O-O Nbd7 11. Rc1 c5 12. dxc5 bxc5 13. Bb1 Ne5 14. Qc2 g6 15.
Rfd1 Qd7 16. Bxf6 Bxf6 17. Nxd5 Bxd5 18. Nf4 Bxa2 19. Rxd7 Bxb1 20. Rxb1 Nxd7
21. Rd1 Nb6 22. b3 Rfd8 23. Rxd8+ Rxd8 24. g3 Rc8 25. Qa2 c4 26. bxc4 Rxc4 27.
Qxa7 Rc1+ 28. Kg2 Nc4 29. Nd5 Kg7 30. Qc5 Bb2 31. Qe7 Rc2 32. Nf4 Kg8 33. Qe4
Rc3 34. Ne2 Nd6 35. Qd5 Rc2 36. Qxd6 Rxe2 37. Qd1 1-0

[Event "VII MIEDZYNARODOWY TURNIEJ SZACHOWY - GORA SW. ANNY - Open "A""]
[Site "Gora Sw. Anny"]
[Date "1899-12-30"]
[Round "10.6"]
[White "Lizak, Jakub"]
[Black "Kriebel, Tadeas"]
[Result "0-1"]
[WhiteTitle "I"]
[BlackTitle "FM"]
[WhiteElo "1948"]
[BlackElo "2375"]

1. e4 c5 2. Nf3 e6 3. d4 cxd4 4. Nxd4 Nc6 5. Nb5 d6 6. Bf4 e5 7. Be3 a6 8. N5c3
Nf6 9. Bg5 Be7 10. Bxf6 Bxf6 11. Nd2 Be6 12. Nc4 Nd4 13. Ne3 Qa5 14. Bd3 Bg5 15.
O-O Bxe3 16. fxe3 Nc6 17. Be2 O-O 18. Bg4 Qc5 19. Bxe6 fxe6 20. Qd2 b5 21. Rad1
Rxf1+ 22. Rxf1 Rf8 23. Rxf8+ Kxf8 24. a3 Ke7 25. b4 Qb6 26. Nd1 Nb8 27. g4 Qc6
28. Nf2 Nd7 29. g5 Nb6 30. Qe2 Qe8 31. Nd3 Qg6 32. Qg2 Nc4 33. Kf2 Nd2 0-1

[Event "VII MIEDZYNARODOWY TURNIEJ SZACHOWY - GORA SW. ANNY - Open "A""]
[Site "Gora Sw. Anny"]
[Date "1899-12-30"]
[Round "10.7"]
[White "Plichta, Kamil"]
[Black "Cukrowski, Filip"]
[Result "1-0"]
[WhiteTitle "k+"]
[BlackTitle "k"]
[WhiteElo "2248"]
[BlackElo "2215"]

1. e4 c5 2. Nf3 d6 3. d4 cxd4 4. Nxd4 Nf6 5. Nc3 Nc6 6. Be3 e5 7. Nb3 Be7 8. Be2
O-O 9. O-O a6 10. Qd2 b5 11. f3 Qc7 12. a4 bxa4 13. Rxa4 Bb7 14. Rfa1 Qc8 15.
Nd5 Nxd5 16. exd5 Nb8 17. Na5 Bd8 18. b4 f5 19. c4 f4 20. Bf2 Bxa5 21. Rxa5 Rf6
22. c5 Rg6 23. Qd3 Qd8 24. c6 Bc8 25. Bf1 Qg5 26. Kh1 Qh5 27. b5 Bf5 28. Qd2 Rh6
29. Bg1 g5 30. b6 g4 31. b7 g3 32. bxa8=Q gxh2 33. Qxb8+ Kg7 34. Bd4 1-0

[Event "VII MIEDZYNARODOWY TURNIEJ SZACHOWY - GORA SW. ANNY - Open "A""]
[Site "Gora Sw. Anny"]
[Date "1899-12-30"]
[Round "10.8"]
[White "Lewtak, Dominik"]
[Black "Piotrowski, Przemyslaw"]
[Result "0-1"]
[WhiteTitle "I+"]
[BlackTitle "I++"]
[WhiteElo "1943"]
[BlackElo "2062"]

1. d4 c5 2. e3 Nf6 3. Nf3 d5 4. c4 cxd4 5. exd4 Nc6 6. cxd5 Nxd5 7. Bc4 e6 8. O-O
Be7 9. Nc3 O-O 10. Be3 Nxc3 11. bxc3 Bf6 12. Re1 b6 13. Bd3 Bb7 14. Bf4 Rc8 15.
Rc1 g6 16. Bh6 Re8 17. Be4 Qd7 18. Qd2 Rcd8 19. Qf4 Bh8 20. Ne5 Nxe5 21. dxe5
Bxe4 22. Rxe4 Qd1+ 23. Re1 Qd3 24. g4 Rd7 25. Red1 Qxd1+ 26. Rxd1 Rxd1+ 27. Kg2
Rd5 28. Qa4 b5 29. Qxa7 Bxe5 30. a4 bxa4 31. Qxa4 Rc8 32. Qa6 Rdc5 33. Bd2 Bxc3
34. Bxc3 Rxc3 35. f3 Rd8 36. Qb6 Rd5 37. Qb8+ Kg7 38. Qf4 h6 39. h4 Rcc5 40. Qe4
h5 41. g5 Rd2+ 42. Kg3 Rf5 43. Qe3 Rd1 44. f4 Rfd5 45. Qa7 Rf5 46. Qe3 Kh7 47.
Qf2 Rd4 0-1

[Event "VII MIEDZYNARODOWY TURNIEJ SZACHOWY - GORA SW. ANNY - Open "A""]
[Site "Gora Sw. Anny"]
[Date "1899-12-30"]
[Round "10.9"]
[White "Pultorak, Jan"]
[Black "Oszczanowski, Witold"]
[Result "1/2-1/2"]
[WhiteTitle "I"]
[BlackTitle "I+"]
[WhiteElo "1933"]
[BlackElo "2002"]

1. e4 c5 2. Nf3 Nc6 3. Bb5 g6 4. Bxc6 bxc6 5. O-O Bg7 6. Re1 e5 7. c3 Ne7 8. d4
cxd4 9. cxd4 d6 10. dxe5 dxe5 11. Qxd8+ Kxd8 12. Be3 f6 13. Nc3 Be6 14. Red1+
Kc7 15. Bc5 Nc8 16. Rac1 Nb6 17. Bxb6+ axb6 18. Nb5+ Kb7 19. Rd6 cxb5 20. Rxe6
Rhe8 21. Rec6 Rac8 22. Rxc8 Rxc8 23. Rxc8 Kxc8 24. Kf1 Kd7 25. Ke2 Kc6 26. Kd3
Bh6 27. Ne1 Kc5 28. Nc2 Bc1 29. b3 b4 30. Ke2 Bh6 31. Kd3 Bc1 32. Ke2 Bh6 33.
Kd3 Bc1 34. Ke2 Bh6 1/2-1/2

[Event "VII MIEDZYNARODOWY TURNIEJ SZACHOWY - GORA SW. ANNY - Open "A""]
[Site "Gora Sw. Anny"]
[Date "1899-12-30"]
[Round "10.10"]
[White "Kulas, Szymon"]
[Black "Khamidov, Komil"]
[Result "1/2-1/2"]
[WhiteTitle "I++"]
[BlackTitle "I++"]
[WhiteElo "2009"]
[BlackElo "2165"]

1. d4 Nc6 2. e4 e5 3. Nf3 exd4 4. Nxd4 Bc5 5. Be3 Qf6 6. c3 Nge7 7. Bc4 Ne5 8.
Be2 Qg6 9. O-O d6 10. Bh5 Qxe4 11. Nd2 Qd3 12. Be2 Qg6 13. Bh5 Qd3 14. Be2 Qg6
15. Bh5 Qd3 1/2-1/2

[Event "VII MIEDZYNARODOWY TURNIEJ SZACHOWY - GORA SW. ANNY - Open "A""]
[Site "Gora Sw. Anny"]
[Date "1899-12-30"]
[Round "10.11"]
[White "Krasiewicz, Robert"]
[Black "Dmochowska, Agnieszka"]
[Result "0-1"]
[WhiteTitle "k+"]
[BlackTitle "WCM"]
[WhiteElo "2069"]
[BlackElo "1841"]

1. d4 Nf6 2. c4 e6 3. g3 c5 4. Nf3 cxd4 5. Nxd4 d5 6. Bg2 Nc6 7. O-O e5 8. Nb5
d4 9. e4 Be7 10. f4 a6 11. fxe5 Bg4 12. Qb3 Nxe5 13. Bf4 axb5 14. Bxe5 O-O 15.
Nd2 Be2 16. Rfe1 d3 17. h3 Qb6+ 18. Kh2 Ng4+ 19. hxg4 Qh6+ 20. Bh3 Bxg4 21. Bxg7
Qxh3+ 0-1

[Event "VII MIEDZYNARODOWY TURNIEJ SZACHOWY - GORA SW. ANNY - Open "A""]
[Site "Gora Sw. Anny"]
[Date "1899-12-30"]
[Round "10.12"]
[White "Malinovsky, Petr"]
[Black "Grela, Kacper"]
[Result "0-1"]
[WhiteTitle "k"]
[BlackTitle "I+"]
[WhiteElo "2008"]
[BlackElo "2002"]

1. d4 Nf6 2. Nf3 e6 3. Bg5 Be7 4. e3 b6 5. Bd3 Bb7 6. Nbd2 c5 7. c3 O-O 8. e4 d6
9. Rc1 Nbd7 10. e5 dxe5 11. dxe5 Nd5 12. h4 h6 13. c4 Nb4 14. Bb1 hxg5 15. Bh7+
Kxh7 16. Nxg5+ Kh6 17. Qe2 Nxe5 18. Qe3 Bxg5 19. hxg5+ Kg6 20. Rc3 Qd4 0-1

[Event "VII MIEDZYNARODOWY TURNIEJ SZACHOWY - GORA SW. ANNY - Open "A""]
[Site "Gora Sw. Anny"]
[Date "1899-12-30"]
[Round "10.13"]
[White "Czempiel, Henryk"]
[Black "Sliwicka, Alicja"]
[Result "1-0"]
[WhiteTitle "I"]
[BlackTitle "WFM"]
[WhiteElo "1948"]
[BlackElo "1842"]

1. e4 c5 2. d4 cxd4 3. c3 dxc3 4. Nxc3 e6 5. Nf3 Nc6 6. Bc4 a6 7. O-O Nge7 8. Bg5
f6 9. Be3 Ng6 10. Bb3 Be7 11. Nd5 exd5 12. exd5 Na5 13. d6 Nxb3 14. dxe7 Qxe7
15. Qxb3 d6 16. Nd4 Qf7 17. Qb6 O-O 18. b3 Qd5 19. Rac1 f5 20. Rfd1 f4 21. Nf3
Qh5 22. Bd4 Bg4 23. Rc7 Ne5 24. Bxe5 dxe5 25. Qxb7 Kh8 26. h3 Bf5 27. Rxg7 Rg8
28. Rg5 Rxg5 29. Qxa8+ Rg8 30. Rd8 Be6 31. Rxg8+ Bxg8 32. Qe4 Kg7 33. Qxe5+ Qxe5
34. Nxe5 Kf6 35. Nd3 Kf5 36. Nb4 a5 37. Nc6 Ke4 38. Nxa5 Kd4 39. Kf1 Bd5 40. Nc4
Kd3 41. Ne5+ Kc3 42. Nc4 Kd3 43. f3 h5 44. Kf2 Kd4 45. Ke2 Be6 46. h4 Bf5 47.
Nd2 Bg6 48. Ne4 Bf7 49. Nf2 Bg6 50. Kd2 Bb1 51. Ne4 Bd3 52. Nf6 Bg6 53. Ne4 Bf5
54. Nf2 Bg6 55. Nh3 Ke5 56. Kc3 Be8 57. a4 Bc6 58. Kd3 Bd7 59. Ng5 Kd5 60. Kc3
Bc6 61. Kb4 Bb7 62. Ne4 Ke5 63. Kb5 Bd5 64. b4 Kd4 65. Nf6 Bf7 66. a5 1-0

[Event "VII MIEDZYNARODOWY TURNIEJ SZACHOWY - GORA SW. ANNY - Open "A""]
[Site "Gora Sw. Anny"]
[Date "1899-12-30"]
[Round "10.14"]
[White "Liberadzki, Slawomir"]
[Black "Kolasinski, Krzysztof"]
[Result "1/2-1/2"]
[WhiteTitle "k"]
[BlackTitle "I++"]
[WhiteElo "2095"]
[BlackElo "2004"]

1. e4 c5 2. c3 Qa5 3. Nf3 Nc6 4. Bd3 g6 5. O-O Bg7 6. Bc2 d6 7. d3 Nf6 8. Nbd2
O-O 9. Nc4 Qd8 10. Ne3 e5 11. b3 b5 12. Bb2 b4 13. Qd2 bxc3 14. Bxc3 Bh6 15. b4
Nd4 16. Qd1 Ng4 17. Nc4 Qc7 18. Bb3 Be6 19. bxc5 Qxc5 20. Nxd4 exd4 21. Bd2 Bxd2
22. Nxd2 Ne5 23. Bxe6 fxe6 24. Qb3 d5 25. exd5 Qxd5 26. Qxd5 exd5 27. Nb3 Nxd3
28. Rad1 Nb4 29. Rxd4 Nxa2 30. Rxd5 Rab8 31. Nd4 Rfd8 32. Rxd8+ Rxd8 33. Nc6 Rd7
34. Ra1 Rc7 35. Rxa2 Rxc6 36. h4 a6 37. g4 Kg7 38. Kg2 Kf7 39. Kg3 h6 40. Ra5
Rb6 41. f3 1/2-1/2